|
|
|
|
| LEADER |
01432nam a2200373 i 4500 |
| 001 |
EBC5722135 |
| 003 |
MiAaPQ |
| 005 |
20200520144314.0 |
| 006 |
m o d | |
| 007 |
cr cnu|||||||| |
| 008 |
190315s1972 gw o 000 0 ger d |
| 020 |
|
|
|a 9783110838336 (e-book)
|
| 035 |
|
|
|a (MiAaPQ)EBC5722135
|
| 035 |
|
|
|a (Au-PeEL)EBL5722135
|
| 035 |
|
|
|a (CaPaEBR)ebr11657545
|
| 035 |
|
|
|a (OCoLC)1089524182
|
| 040 |
|
|
|a MiAaPQ
|b eng
|e rda
|e pn
|c MiAaPQ
|d MiAaPQ
|
| 050 |
|
4 |
|a HD31
|b .K357 1972
|
| 082 |
0 |
|
|a 658
|2 23
|
| 100 |
1 |
|
|a Kalscheuer, Hans D.,
|e author.
|
| 245 |
1 |
0 |
|a Integrierte Datenverarbeitungssysteme fur die Unternehmensfuhrung /
|c von Hans D. Kalscheuer, Peter J. Gsell.
|
| 250 |
|
|
|a 3., verbesserte und erweiterte Auflage.
|
| 264 |
|
1 |
|a Berlin ;
|a New York :
|b Walter de Gruyter,
|c 1972.
|
| 300 |
|
|
|a 1 online resource (140 pages)
|
| 336 |
|
|
|a text
|b txt
|2 rdacontent
|
| 337 |
|
|
|a computer
|b c
|2 rdamedia
|
| 338 |
|
|
|a online resource
|b cr
|2 rdacarrier
|
| 588 |
|
|
|a Description based on print version record.
|
| 590 |
|
|
|a Electronic reproduction. Ann Arbor, MI : ProQuest, 2018. Available via World Wide Web. Access may be limited to ProQuest affiliated libraries.
|
| 650 |
|
0 |
|a Industrial management.
|
| 655 |
|
4 |
|a Electronic books.
|
| 700 |
1 |
|
|a Gsell, Peter J.,
|e author.
|
| 797 |
2 |
|
|a ProQuest (Firm)
|
| 856 |
4 |
0 |
|u https://ebookcentral.proquest.com/lib/matrademy/detail.action?docID=5722135
|z Click to View
|